Wave mechanics for ocean engineering
Guardat en:
| Autor principal: | |
|---|---|
| Format: | Llibre |
| Idioma: | anglès |
| Publicat: |
Amsterdam
Elsevier
2000
|
| Col·lecció: | Elsevier Oceanography Series, 64
|
| Matèries: | |
| Etiquetes: |
Afegir etiqueta
Sense etiquetes, Sigues el primer a etiquetar aquest registre!
|
MARC
| LEADER | 00000nam a2200000 a 4500 | ||
|---|---|---|---|
| 001 | UCM1197 | ||
| 003 | CL-VaPUC | ||
| 008 | 020328e20000000NE |||||||||||||||||eng|d | ||
| 082 | 0 | 4 | |a 532.593 |b BOC |2 21 |
| 100 | 0 | |a Boccotti, Paolo |e author |9 468170 | |
| 245 | 1 | 0 | |a Wave mechanics for ocean engineering |
| 300 | |a 496 p | ||
| 942 | |c BK | ||
| 945 | |d 20020328 00:00:00 |a vberengu | ||
| 260 | |a Amsterdam |b Elsevier |c 2000 | ||
| 650 | 0 | |a Mecánica ondulatoria (ondas mecánicas) |9 387301 | |
| 583 | |a last modification |c 20020328 00:00:00 |k Rodrigo Vera | ||
| 490 | 0 | |a Elsevier Oceanography Series, 64 | |
| 999 | |c 299798 |d 299796 | ||